[Event "Orsay op"]
[Site "Orsay"]
[Date "2008.03.03"]
[Round "1"]
[White "Peres, Olivier"]
[Black "Doncea, Vladimir"]
[Result "0-1"]
[WhiteElo "1940"]
[BlackElo "2444"]
[PlyCount "46"]
[EventDate "2008.03.06"]
[EventType "swiss"]
[EventRounds "7"]
[EventCountry "FRA"]
[SourceTitle "EXT 2010"]
[Source "ChessBase"]
[SourceDate "2010.11.25"]
[SourceVersion "1"]
[SourceVersionDate "2010.11.25"]
[SourceQuality "1"]

1. d4 Nf6 2. c4 e6 3. Nf3 c5 4. g3 d5 5. cxd5 exd5 6. Bg2 Nc6 7. 0-0 Be7 8. Nc3 0-0 9. Bg5 c4 10. Rc1 h6 11. Bxf6 Bxf6 12. b3 Re8 13. bxc4 dxc4 14. e3 Bf5 15. Qa4 Rc8 16. Rfd1 Qa5 17. Qb5 a6 18. Qxa5 Nxa5 19. Nd5 Bd8 20. Ne5 f6 21. Nf3 b5 22. Nb4 Be7 23. Nxa6 Ba3 0-1